Prolog for natural language processing

Αποθηκεύτηκε σε:
Λεπτομέρειες βιβλιογραφικής εγγραφής
Κύριος συγγραφέας: Gal, Annie
Μορφή: Βιβλίο
Γλώσσα:English
French
Δημοσίευση: Chichester : Wiley, c1991.
Θέματα:
Ετικέτες: Προσθήκη ετικέτας
Δεν υπάρχουν, Καταχωρήστε ετικέτα πρώτοι!

MARC

LEADER 00000cam a2200000 i 4500
001 1/75269
008 990528s1991 enk| ||| |||| ||eng||
020 |a 0471930121 
035 |l 10049298 
040 |a GR-MyUA  |b gre  |e AACR2 
041 1 |a eng  |h fre 
082 0 |a 006.35 
100 1 |a Gal, Annie. 
245 1 0 |a Prolog for natural language processing /   |c Annie Gal ... [και ά.].  
260 |a Chichester :   |b Wiley,   |c c1991.  
300 |a xiii, 306 σ. :   |b εικ. ;   |c 24 εκ.  
500 |a Τίτλος πρωτοτύπου: Prolog pour l'analyse automatique du langage naturel.  
504 |a Περιέχει βιβλιογραφικές αναφορές και ευρετήριο.  
650 0 0 |a Prolog (Computer program language) 
650 0 0 |a Natural language processing (Computer science) 
852 |a INST  |b SAMOS  |e 19990528  |h 006.35 PRO  |p 005300012871  |q 005300012871  |t BK  |y 0 
901 |a BIBL3-1999-2 
909 |a Σ  |b 063711 
922 |a 3ΕΛΗ  |b 199901  |c ΚΠΣ  |d GLORY 
950 |a 116-1998-08-10